Statistiques concernant Quiz sur le Bas-Rhin

Cliquez ici pour prendre le quiz!

Statistiques générales

  • Ce quiz a été pris 3 665 fois
  • Le résultat moyen est 13 sur 20

Statistiques - réponses

QuestionRéponse% Correct
Préfecture et ville la plus peupléeStrasbourg
99%
Pays dont le Bas-Rhin faisait partie jusqu'en 1919Allemagne
98%
Région à laquelle il appartenait jusqu'alorsAlsace
97%
Région dans laquelle il se situe depuis 2016Grand Est
97%
Numéro du département67
93%
Chaîne de montagnes au sud-ouest du départementVosges
89%
Plat traditionnel local dont Krautergersheim est la capitaleChoucroute
76%
Oiseau emblématique de la région qui y fut réintroduit après 1972Cigogne
74%
Pilote qui fut sacré champion de monde de rallye 9 fois d'affiléeSébastien Loeb
68%
Marque automobile luxueuse qui est basée dans cette
commune, malgré un nom à consonnance italienne
Bugatti
62%
Premier brasseur français (et marque de bière célèbre) basé à ObernaiKronenbourg
60%
Château emblématique du département qui fut restauré
par Guillaume II peu avant la première guerre mondiale
Château du {Haut}-
{Kœnigsbourg}
57%
Mont situé dans ce massif et nommé d'après la sainte patronne
de la région, qui est un lieu de pèlerinage chrétien important
Mont Sainte-{Odile}
55%
Sous-préfecture et deuxième plus grande ville du départementHaguenau
54%
Rivière majeure qui arrose Mulhouse et Colmar puis
cette ville, avant de se jeter finalement dans le Rhin
Ill
54%
Sous-préfecture située à la frontière avec le Haut-RhinSélestat
51%
Sculptrice bas-rhinoise qui créa un musée de cire à LondresMarie Tussaud
40%
Sous-préfecture dans laquelle elle a été crééeMolsheim
37%
Sous-préfecture que l'on peut également trouver dans ce massifSaverne
28%
Général de la préfecture qui fut assassiné au Caire en 1800Jean-Baptiste Kléber
19%

Distribution des résultats

Percentile par nombre de réponses

% des personnes avec chaque résultat

Votre développement - résultats

Vous n’avez pas pris ce quiz